Normal view
MARC view
Entry Personal Name
001 - CONTROL NUMBER
- control field: 1131574
003 - CONTROL NUMBER IDENTIFIER
- control field: OSt
005 - DATE AND TIME OF LATEST TRANSACTION
- control field: 20260310152921.0
008 - FIXED-LENGTH DATA ELEMENTS
- fixed length control field: 260310|| aca||aabn | a|a d
040 ## - CATALOGING SOURCE
- Original cataloging agency: OSt
- Transcribing agency: OSt
100 ## - HEADING--PERSONAL NAME
- Personal name: Piotr Lis
670 ## - SOURCE DATA FOUND
- Source citation: Work cat.: (OSt)1715058: Piotr Lis, Basic Mathematics for Economists, 2025
